00434nam a2200157Ia 4500008004100000020001300041082001500054100001900069245001400088250000700102260004500109300003200154500001900186600002100205650005000226240925s9999 xx 000 0 und d a13082610 a004.66 GOL aGoldberg, Dell 0aCore MCSE aNA aNew Jersey:bPrintice- Hall Int.c,1999. aVarious pagesbNAfOriginal aIncludes Index aComputer Science aComputer science, information & general works